|
|
|
|
| LEADER |
00000cam a2200000 a 4500 |
| 001 |
vtls001092481 |
| 003 |
SK-MaSNL |
| 005 |
20260302015540.0 |
| 008 |
240517s1983 xo al f np ||000 slo |
| 015 |
|
|
|a SNBA1983/10
|
| 035 |
|
|
|a SNK000035323
|
| 040 |
|
|
|a SNK
|b slo
|c SNK
|e AACR2
|
| 041 |
0 |
|
|a slo
|
| 044 |
|
|
|a xo
|c SK
|
| 080 |
|
|
|a 621.382(075.8)(076.5)
|2 1981
|
| 100 |
1 |
|
|a Turán, Ján,
|d 1951-
|4 aut
|9 190325
|
| 245 |
1 |
0 |
|a Elektronické prvky
|b Návody na cvičenia
|c Ján Turán, Stanislav Marchevský
|
| 250 |
|
|
|a 1. vydanie
|
| 260 |
|
|
|a Bratislava
|b Alfa
|c 1983
|e Bratislava
|f Západoslovenské tlačiarne
|
| 300 |
|
|
|a 271 strán
|b schémy, tabuľky
|c 29 cm
|
| 366 |
|
|
|e 300 kusov
|
| 490 |
1 |
|
|a Vysokoškolské učebné texty
|
| 504 |
|
|
|a Obsahuje bibliografiu
|
| 650 |
0 |
7 |
|a elektronické prvky
|2 SNKPH
|9 87844
|
| 655 |
|
7 |
|a učebnice vysokých škôl
|2 SNKPH
|9 70191
|
| 655 |
|
7 |
|a praktické cvičenia
|2 SNKPH
|9 70517
|
| 700 |
1 |
|
|a Marchevský, Stanislav,
|d 1952-
|4 aut
|9 8153
|
| 830 |
|
0 |
|a Vysokoškolské učebné texty
|9 276539
|
| 852 |
|
|
|a Slovenská národná knižnica
|
| 954 |
|
|
|a odborná, vedecká literatúra pôvodná (slovenská)
|2 lita
|
| 958 |
|
|
|a NB
|
| 958 |
|
|
|a TL
|
| 958 |
|
|
|a UV
|
| 958 |
|
|
|a OND
|
| 999 |
|
|
|c 1021649
|d 1023579
|
| 952 |
|
|
|a SNK
|b SNK
|y PREZ
|7 0
|p 17A0779071
|o snkSB 36567
|0 0
|1 0
|4 0
|d 2012-03-29
|f 1
|l 0
|r 2025-04-15 00:00:00
|w 2026-02-24
|
| 952 |
|
|
|t P60, <04>, [BOOK], {604}
|a SNK
|b SNK
|y VYP
|7 0
|p 17A0209019
|o snkSB 36567 D1
|0 0
|1 0
|4 0
|d 1999-09-02
|l 0
|r 2004-12-31 00:00:00
|w 2026-02-24
|